| 000 | 00526nam a22001817a 4500 | ||
|---|---|---|---|
| 020 | _a9780198749363 | ||
| 082 |
_a611 _bKOS |
||
| 100 |
_aKoshi, Rachel _9113667 |
||
| 245 |
_aCunningham's Manual of Practical Anatomy : _bUpper and Lower Limbs / _cRachel Koshi |
||
| 250 | _a16th Edition. | ||
| 260 |
_aOxford : _bOxford University Press, _c2017. |
||
| 300 |
_a301 p. ; _c27 cm. |
||
| 563 | _aPBK. | ||
| 650 | _aHuman anatomy | ||
| 650 |
_aDissection _9113670 |
||
| 650 |
_aExtremities (Anatomy) _9113675 |
||
| 942 |
_2ddc _cBK |
||
| 999 |
_c595298 _d595298 |
||